| 000 | 00583nam a2200181Ia 4500 | ||
|---|---|---|---|
| 008 | 151202s9999||||xx |||||||||||||| ||und|| | ||
| 082 | _bPNVM-46199 | ||
| 100 | _aपंडित रंजना. | ||
| 245 | _aमन शुद्ध तुझं.. | ||
| 260 | _b"मुश्री प्रकाशन,पुणे." | ||
| 260 | _c2004 | ||
| 300 | _a156 | ||
| 600 | _aपंडित रंजना. | ||
| 630 | _aमन शुद्ध तुझं.. | ||
| 700 | _aपंडित रंजना. | ||
| 730 | _aमन शुद्ध तुझं.. | ||
| 942 | _cBOOK | ||
| 999 |
_c1312149 _d1312146 |
||